[Event "?"]
[Site "masterchessopen.com - Naleczow (Poland)"]
[Round "0"]
[White "Ksieski Zbigniew (POL)"]
[Black "Psakhis Lev (ISR)"]
[Result "0-1"]
[WhiteElo "2345"]
[BlackElo "2535"]

1.d4 Nf6 2.c4 c5 3.d5 e6 4.Nc3 exd5 5.cxd5 d6 6.Nf3 g6 7.e4 Bg7 8.Be2 O-O
9.O-O a6 10.a4 Bg4 11.Bf4 Bxf3 12.Bxf3 Qe7 13.Qc2 Nbd7 14.b3 Rab8 15.a5 Rfe8
16.Rfe1 h6 17.h3 g5 18.Bd2 Ne5 19.Be2 Ng6 20.Bf1 Qe5 21.g3 h5 22.Na4 h4 23.Bc3
Qe7 24.Qb2 Ne5 25.Kg2 hxg3 26.fxg3 g4 27.hxg4 Nfxg4 28.Nb6 Qg5 29.Be2 Ne3+
30.Kf2 Qf6+ 31.Kg1 Qg6 32.Bh5 Qxg3+ 33.Kh1 Qh4+ 34.Qh2 Qxe4+ 35.Kg1 N5g4
36.Bxg4 Qxg4+ 37.Kh1 Qf3+ 38.Kg1 Ng4 {#R} 0-1

[Event "It"]
[Site "masterchessopen.com - Plovdiv (Bulgaria)"]
[Round "0"]
[White "Peev Peicho (BUL)"]
[Black "Tringov Georgi P (BUL)"]
[Result "0-1"]
[WhiteElo "2284"]
[BlackElo "2455"]

1.d4 Nf6 2.c4 c5 3.d5 e6 4.Nc3 exd5 5.cxd5 d6 6.Nf3 g6 7.e4 Bg7 8.Be2 O-O
9.O-O a6 10.a4 Bg4 11.Nd2 Bxe2 12.Qxe2 Nbd7 13.f4 Re8 14.Qf3 Qc7 15.g4 c4
16.g5 Nh5 17.e5 dxe5 18.f5 Nc5 19.Nde4 Nb3 20.Rb1 Nxc1 21.Rbxc1 Nf4 22.fxg6
hxg6 23.Kh1 Qd7 24.a5 Rab8 25.Rcd1 Rec8 26.d6 b6 27.Nd5 Nxd5 28.Rxd5 Qe6 29.d7
Rd8 30.Rd6 Qe7 31.Rfd1 bxa5 32.Nf6+ Bxf6 33.gxf6 Qf8 34.Qc3 Qh6 35.Qxe5 Qh3
36.Qe2 a4 37.Rb6 Rxb6 38.Qe8+ Kh7 39.Qxf7+ Kh6 40.Qg7+ Kg5 41.Rg1+ Kf4 42.f7
Qf3+ 43.Rg2 Qd1+ 44.Rg1 Qf3+ 45.Rg2 Ke4 46.f8=Q Rxf8 47.Qe7+ Kd5 48.d8=Q+ Rxd8
49.Qxd8+ Kc5 50.Qe7+ Kc6 51.Qe6+ Kb7 {#R} 0-1

[Event "Ch Denmark (juniors)"]
[Site "masterchessopen.com - Vordingborg (Denmark)"]
[Round "0"]
[White "Hartman Christer (SWE)"]
[Black "Rej Dennis (DEN)"]
[Result "1/2-1/2"]
[WhiteElo "2329"]
[BlackElo "2138"]

1.d4 Nf6 2.c4 c5 3.d5 e6 4.Nc3 exd5 5.cxd5 d6 6.e4 g6 7.Nf3 Bg7 8.Be2 O-O
9.O-O a6 10.a4 Bg4 11.h3 Bxf3 12.Bxf3 Nbd7 13.Re1 Rb8 14.a5 Ne8 15.Qc2 Nc7
16.Be2 Qh4 17.Be3 b5 18.axb6 Rxb6 19.Ra4 Be5 20.Rc4 Rfb8 {#d} 1/2-1/2

[Event "Ch Yugoslavia"]
[Site "masterchessopen.com - Yugoslavia"]
[Round "0"]
[White "Bukic Enver (SLO)"]
[Black "Cebalo Miso (CRO)"]
[Result "1-0"]
[WhiteElo "2500"]
[BlackElo "2478"]

1.d4 Nf6 2.c4 e6 3.Nf3 c5 4.d5 exd5 5.cxd5 d6 6.Nc3 g6 7.e4 Bg7 8.Be2 O-O
9.O-O a6 10.a4 Bg4 11.Bf4 Qe7 12.Nd2 Bxe2 13.Qxe2 Nh5 14.Be3 Nd7 15.g4 Nhf6
16.f3 Ne8 17.Kh1 Nc7 18.Nc4 Ne5 19.Nb6 Rae8 20.g5 Na8 21.Nxa8 Rxa8 22.f4 Nd7
23.e5 dxe5 24.f5 gxf5 25.Rxf5 e4 26.Rg1 Rae8 27.Qh5 Qd6 28.Rf6 Qe5 29.Qh3 Qc7
30.Rf4 Ne5 31.Nxe4 Ng6 32.Nf6+ Bxf6 33.gxf6 Kh8 34.Qh6 Rg8 35.Rh4 Nxh4 36.Rg7
{#r} 1-0

[Event "Ch Northern California"]
[Site "masterchessopen.com - Oakland (USA)"]
[Round "6"]
[White "Grefe John A (USA)"]
[Black "De Firmian Nick E (USA)"]
[Result "1-0"]
[WhiteElo "2410"]
[BlackElo "2430"]

1.d4 Nf6 2.Nf3 e6 3.c4 c5 4.d5 exd5 5.cxd5 g6 6.Nc3 Bg7 7.e4 O-O 8.Be2 d6
9.O-O a6 10.a4 Bg4 11.Bf4 Re8 12.Qc2 Qc7 13.h3 Bxf3 14.Bxf3 Nbd7 15.Rfe1 c4
16.Be2 Rac8 17.Rad1 Qc5 18.Bf1 b5 19.axb5 axb5 20.Be3 Qb4 21.f4 Nc5 22.Bf2 Nh5
23.g3 Na4 24.e5 dxe5 25.d6 Rcd8 26.d7 Rf8 27.Nxa4 bxa4 28.fxe5 Qe7 29.Qxa4
Bxe5 30.Qb5 f6 31.Bxc4+ Kh8 32.Bc5 Qg7 33.Bxf8 Qxf8 34.Rxe5 fxe5 35.Qxe5+ Ng7
36.Rf1 Qb4 37.Rf7 Qb6+ 38.Kh1 Rg8 39.Qxg7+ {#r} 1-0

[Event "Ch Northern California"]
[Site "masterchessopen.com - Oakland (USA)"]
[Round "7"]
[White "Kane George Francis (USA)"]
[Black "Grefe John A (USA)"]
[Result "0-1"]
[WhiteElo "2300"]
[BlackElo "2410"]

1.d4 Nf6 2.Nf3 c5 3.d5 e6 4.c4 exd5 5.cxd5 g6 6.Nc3 Bg7 7.e4 O-O 8.Be2 d6
9.O-O a6 10.a4 Bg4 11.Nd2 Bxe2 12.Qxe2 Nbd7 13.f4 Re8 14.Qf3 Qe7 15.Rb1 c4
16.b4 cxb3 17.Rxb3 Nc5 18.Rb4 Rac8 19.Ba3 Nfd7 20.Nd1 f5 21.Nf2 Nf6 22.exf5
gxf5 23.Rfb1 Qf7 24.Nc4 Nfe4 25.Nxe4 Nxe4 26.Rxb7 Bd4+ 27.Kh1 Qxb7 {#R} 0-1

[Event "Ch Yugoslavia"]
[Site "masterchessopen.com - Skender Vakuf (Yugoslavia)"]
[Round "6"]
[White "Sahovic Dragutin (SCG)"]
[Black "Cebalo Miso (CRO)"]
[Result "0-1"]
[WhiteElo "2485"]
[BlackElo "2478"]

1.d4 Nf6 2.c4 e6 3.Nf3 c5 4.d5 exd5 5.cxd5 d6 6.Nc3 g6 7.e4 Bg7 8.Be2 O-O
9.O-O a6 10.a4 Bg4 11.Nd2 Bxe2 12.Qxe2 Nbd7 13.Nc4 Nb6 14.Ne3 Re8 15.a5 Nc8
16.f3 Nh5 17.Nc4 b5 18.axb6 Nxb6 19.Nxb6 Bd4+ 20.Kh1 Qxb6 21.g4 Nf6 22.Qc2 h5
23.g5 Nd7 24.Ne2 Bg7 25.Ra2 Qb5 26.Kg2 Ne5 27.Rd1 Rab8 28.Nc3 Qd7 29.Qe2 c4
30.Rxa6 Nd3 31.Qc2 Qe7 32.Ra4 Rec8 33.Ra5 Be5 34.Rb5 Bf4 35.Bxf4 Nxf4+ 36.Kh1
Qxg5 37.Qd2 Qh4 38.Qe1 Qf6 39.Qe3 Nd3 40.Rb1 h4 41.h3 Nf4 42.Rf1 Rxb5 43.Nxb5
Rb8 44.Na3 Rb3 45.Qc1 Ne2 46.Qxc4 Rxf3 {#R} 0-1

[Event "Ch Copenhagen"]
[Site "masterchessopen.com - Copenhagen (Denmark)"]
[Round "8"]
[White "Hamann Svend (DEN)"]
[Black "Hoi Carsten (DEN)"]
[Result "1-0"]
[WhiteElo "2298"]
[BlackElo "2415"]

1.d4 Nf6 2.c4 c5 3.d5 e6 4.Nc3 exd5 5.cxd5 d6 6.e4 g6 7.Nf3 Bg7 8.Be2 O-O
9.O-O a6 10.a4 Bg4 11.a5 Bxf3 12.Bxf3 Re8 13.Qc2 Nbd7 14.Ra4 Qc7 15.b3 Re7
16.Bb2 Rae8 17.Rfa1 h5 18.g3 Ne5 19.Bg2 h4 20.Ne2 Qc8 21.Rf1 Qd7 22.Bc1 c4
23.bxc4 Nd3 24.f3 Nxc1 25.Rxc1 hxg3 26.hxg3 Qc7 27.Nf4 Nd7 28.Bh3 Nc5 29.Ra2
Re5 30.Kg2 Bh6 31.Rh1 Bxf4 32.gxf4 Rh5 33.Bg4 Rxh1 34.Kxh1 Qe7 35.Qc3 f5
36.Bxf5 Qg7 37.Qxg7+ Kxg7 38.Rg2 Rh8+ 39.Kg1 Rh6 40.e5 Kf7 41.Bc2 {#r} 1-0

[Event "Tournament"]
[Site "masterchessopen.com - Kuibyshev (Russia)"]
[Round "0"]
[White "Popov Nikolay (MDA)"]
[Black "Grechihin Valery (RUS)"]
[Result "1-0"]
[WhiteElo "2435"]
[BlackElo "2216"]

1.d4 c5 2.d5 Nf6 3.c4 e6 4.Nc3 exd5 5.cxd5 d6 6.Nf3 g6 7.e4 Bg7 8.Be2 O-O
9.O-O a6 10.a4 Bg4 11.Bf4 Re8 12.Nd2 Bxe2 13.Qxe2 Nh5 14.Be3 Nd7 15.g4 Nhf6
16.f3 b5 17.axb5 axb5 18.Rxa8 Qxa8 19.Qxb5 Ne5 20.Kg2 Rb8 21.Ra1 Qxa1 22.Qxb8+
Bf8 23.Qb5 Qe1 24.Qe2 Qxe2+ 25.Nxe2 Nfd7 26.g5 h6 27.h4 hxg5 28.hxg5 Nd3
29.Nc4 N3e5 30.Nxe5 Nxe5 31.b3 Be7 32.f4 Nd3 33.Nc1 Ne1+ 34.Kf1 Nc2 35.Ke2 Kf8
36.Bd2 Ke8 37.Bc3 Kd7 38.Kd3 Na3 39.Bb2 Nb5 40.Kc4 Nc7 41.Bc3 Ne8 42.Nd3 Kc7
43.Nf2 Kb6 44.Ng4 Bd8 45.Nh6 f6 46.Nf7 fxg5 47.Nxd8 gxf4 48.Ne6 f3 49.Kd3 {#r}
1-0

[Event "It (open)"]
[Site "masterchessopen.com - Lone Pine (USA)"]
[Round "0"]
[White "Reshevsky Samuel H (USA)"]
[Black "Kogan Boris M (USA)"]
[Result "1/2-1/2"]
[WhiteElo "2470"]
[BlackElo "2440"]

1.d4 Nf6 2.c4 c5 3.d5 g6 4.Nc3 Bg7 5.e4 d6 6.Nf3 O-O 7.Be2 e6 8.O-O exd5
9.cxd5 a6 10.a4 Bg4 11.Bf4 Re8 12.Qc2 Qc7 13.h3 Bxf3 14.Bxf3 Nbd7 15.Rfe1 Rab8
16.Be2 h6 17.a5 Re7 18.Ra4 Rbe8 19.Kh1 Nh7 20.h4 h5 21.Qd3 Be5 22.Bd2 Ndf6
23.Bf3 Qd7 24.b3 Ng4 25.Bxg4 Qxg4 26.g3 Qh3+ 27.Kg1 f5 28.Qf1 Qxf1+ 29.Kxf1
Nf6 30.exf5 Bxc3 31.Bxc3 Nxd5 32.Rxe7 Rxe7 33.Bd2 gxf5 34.f3 Kf7 35.Kf2 Ke6
36.g4 hxg4 37.fxg4 fxg4 38.Rxg4 Nf6 39.Rf4 Rh7 40.b4 Nd5 41.Re4+ Kd7 42.bxc5
dxc5 43.Ke2 Kc6 44.Re6+ Kb5 45.Re5 Kc4 46.h5 Kd4 47.Rg5 Re7+ 48.Kd1 Re4 49.h6
Rh4 50.Rg1 c4 51.Bg5 Ne3+ 52.Ke2 Rh3 53.h7 Rh2+ 54.Kf3 Rh3+ 55.Ke2 Rh2+ 56.Kf3
Rh3+ 57.Ke2 {#d} 1/2-1/2

[Event "Zt"]
[Site "masterchessopen.com - Montreal (Canada)"]
[Round "0"]
[White "Taylor Gordon (CAN)"]
[Black "Day Lawrence A (CAN)"]
[Result "0-1"]
[WhiteElo "2250"]
[BlackElo "2430"]

1.d4 c5 2.d5 Nf6 3.c4 e6 4.Nc3 exd5 5.cxd5 d6 6.e4 g6 7.Nf3 Bg7 8.Be2 O-O
9.O-O a6 10.a4 Bg4 11.Nd2 Bxe2 12.Qxe2 Nbd7 13.Nc4 Nb6 14.Bf4 Nxc4 15.Qxc4 Ng4
16.a5 Rc8 17.Qe2 Ne5 18.Ra4 Re8 19.Kh1 Qd7 20.Bg3 Ng4 21.Qc2 Bd4 22.h3 Nf6
23.f3 Nh5 24.Bh2 Be5 25.b3 Rb8 26.Ne2 Bg7 27.g4 Nf6 28.Ng3 Qb5 29.Bg1 Nd7
30.Kg2 b6 31.axb6 Rxb6 32.Ra3 a5 33.Qa2 Bc3 34.Rc1 Qd3 35.Qc2 Qxc2+ 36.Rxc2
Bb4 37.Raa2 Ne5 38.Bf2 Nd3 39.Kf1 Ra8 40.h4 Rba6 41.Ne2 a4 42.Rxa4 Rxa4
43.bxa4 Rxa4 44.Bg3 f6 45.Nc3 Ra1+ 46.Ke2 Nc1+ 47.Kf2 Bxc3 48.Rxc3 Ra2+ {#R}
0-1

[Event "?"]
[Site "masterchessopen.com - New York (USA)"]
[Round "0"]
[White "Antunac Goran (CRO)"]
[Black "Kuligowski Adam (POL)"]
[Result "1/2-1/2"]
[WhiteElo "2435"]
[BlackElo "2450"]

1.d4 Nf6 2.c4 c5 3.d5 e6 4.Nc3 exd5 5.cxd5 d6 6.Nf3 g6 7.e4 Bg7 8.Be2 O-O
9.O-O a6 10.a4 Bg4 11.Bg5 h6 12.Bh4 Bxf3 13.Bxf3 Re8 14.Qc2 Nbd7 15.Be2 Rc8
16.f4 c4 17.Kh1 Nc5 18.Rae1 b5 19.axb5 axb5 20.Bg4 Nd3 21.Bxc8 Nxe1 22.Rxe1
Qxc8 23.Nxb5 Qc5 24.Nc3 Qa5 25.h3 Nd7 26.Bf2 Nc5 27.Bxc5 Qxc5 28.Qd2 Kh7
29.Re2 Qb6 30.e5 dxe5 31.d6 Qd8 32.fxe5 Rxe5 33.Rxe5 Bxe5 34.d7 Qf6 35.Qe1
Bxc3 36.bxc3 Qd6 37.Qe8 Qd1+ 38.Kh2 Qd6+ 39.Kg1 Qd1+ 40.Kf2 Qd2+ 41.Kf1 Qd1+
42.Kf2 Qd2+ 43.Qe2 Qxd7 44.Qxc4 Qd2+ 45.Kf3 Qd1+ 46.Qe2 Qd5+ 47.Qe4 Qb3 48.Qe5
Qd1+ 49.Kg3 Qc2 50.Qc7 Kg7 51.Kh2 Qe4 52.c4 Kf6 53.Qd6+ Kf5 {#d} 1/2-1/2

[Event "It (open) \"]
[Site "masterchessopen.com - Oslo (Norway)"]
[Round "8"]
[White "Villeneuve Alain (FRA)"]
[Black "Poulsson Eivind (NOR)"]
[Result "0-1"]
[WhiteElo "2261"]
[BlackElo "2340"]

1.d4 Nf6 2.c4 c5 3.d5 e6 4.Nc3 exd5 5.cxd5 d6 6.e4 g6 7.Nf3 Bg7 8.Be2 O-O
9.O-O a6 10.a4 Bg4 11.Bf4 Re8 12.Nd2 Bxe2 13.Qxe2 Nh5 14.Be3 Nd7 15.a5 Nhf6
16.f3 Ne5 17.Rfb1 Qc7 18.Ra3 Rac8 19.h3 h6 20.Kh1 g5 21.g4 Ng6 22.Nc4 Nd7
23.Na4 Nge5 24.Nab6 Nxb6 25.Nxb6 Rcd8 26.b4 cxb4 27.Rxb4 Qe7 28.Bd4 Nd7
29.Bxg7 Kxg7 30.Qb2+ Qf6 31.Qxf6+ Kxf6 32.Na4 Rc8 33.Rxb7 Rc1+ 34.Kg2 Rec8
35.Ra2 Ne5 36.Nb6 R8c2+ 37.Rxc2 Rxc2+ 38.Kg3 Nd3 39.Na4 Ra2 40.Rb3 Nf4 41.Nb2
Ne2+ 42.Kg2 Nc1 43.Rb6 Nd3 44.Rxd6+ Ke5 45.Rxa6 Rxb2+ 46.Kg1 Kf4 47.Rxh6 Kg3
48.Rb6 Rg2+ 49.Kf1 Rf2+ 50.Kg1 Nf4 {#R} 0-1

[Event "?"]
[Site "masterchessopen.com - Smederevska Palanka (Yugoslavia)"]
[Round "0"]
[White "Schmidt Wlodzimierz (POL)"]
[Black "De Firmian Nick E (USA)"]
[Result "1/2-1/2"]
[WhiteElo "2475"]
[BlackElo "2405"]

1.d4 Nf6 2.c4 e6 3.Nf3 c5 4.d5 exd5 5.cxd5 d6 6.Nc3 g6 7.e4 Bg7 8.Be2 O-O
9.O-O a6 10.a4 Bg4 11.Bg5 h6 12.Bh4 Nbd7 13.Nd2 Bxe2 14.Qxe2 Re8 15.f4 Qc7
16.Qf3 c4 17.Kh1 Rab8 18.Bf2 b5 19.axb5 axb5 20.Ra6 Rb7 21.Rc6 Qb8 22.h3 Nh7
23.Ra1 f5 24.exf5 gxf5 25.Qh5 Rf8 26.Re1 Rf7 27.Nf3 b4 28.Nd1 Rb5 29.Rxc4 Rxd5
30.Bd4 Nhf6 31.Qh4 Nf8 32.Bxf6 Rxf6 33.Ne3 Ra5 34.Nd4 Qb6 35.Nc6 Ng6 36.Qg3
Rc5 37.Nxb4 Re6 38.Nbd5 Qxb2 39.Rb4 Qd2 40.Rb8+ Kh7 41.Rd1 Qe2 42.Rbb1 Ne7
43.Re1 Qh5 44.Rb7 Rxd5 45.Rxe7 Rxe7 46.Nxd5 Rxe1+ 47.Qxe1 Qf7 48.Qd2 h5 49.Qd3
Qe6 50.g4 hxg4 51.hxg4 Qg6 52.Qxf5 Qxf5 53.gxf5 Kg8 54.Kg2 Kf7 55.Kf3 Bb2
56.Ke4 Bc1 57.Nb4 Kf6 58.Nd5+ Kf7 59.Kf3 Bb2 60.Ne3 Bc3 {#d} 1/2-1/2

[Event "It (cat.7)"]
[Site "masterchessopen.com - Vrnjacka Banja (Serbia)"]
[Round "0"]
[White "Schmidt Wlodzimierz (POL)"]
[Black "Cabrilo Goran (SRB)"]
[Result "1/2-1/2"]
[WhiteElo "2475"]
[BlackElo "2425"]

1.d4 Nf6 2.c4 c5 3.d5 e6 4.Nc3 exd5 5.cxd5 d6 6.e4 g6 7.Nf3 Bg7 8.Be2 a6 9.O-O
O-O 10.a4 Bg4 11.Bf4 Re8 12.Nd2 Bxe2 13.Qxe2 Nh5 14.Be3 Nd7 15.a5 Bd4 16.g4
Nhf6 17.f3 b5 18.axb6 Nxb6 19.Nd1 h5 20.h3 hxg4 21.hxg4 Nfxd5 22.exd5 Nxd5
23.Nc4 {#d} 1/2-1/2

[Event "Ch World (juniors) (under 20)"]
[Site "masterchessopen.com - Copenhagen (Denmark)"]
[Round "1"]
[White "Milos Gilberto (BRA)"]
[Black "Wiedenkeller Michael (SWE)"]
[Result "1-0"]
[WhiteElo "2597"]
[BlackElo "2320"]

1.d4 Nf6 2.c4 e6 3.Nf3 c5 4.d5 exd5 5.cxd5 d6 6.Nc3 g6 7.e4 Bg7 8.Be2 O-O
9.O-O a6 10.a4 Bg4 11.Bg5 Nbd7 12.Nd2 Bxe2 13.Qxe2 Re8 14.f4 Qc7 15.Qf3 c4
16.Kh1 Rab8 17.e5 dxe5 18.f5 Rf8 19.Nde4 Nxe4 20.Nxe4 f6 21.Be3 Rf7 22.Qg4 Nf8
23.Bc5 Qd7 24.Nd6 b6 25.Bb4 gxf5 26.Qxc4 Qc7 27.Qxa6 Rd7 28.Rfc1 Qd8 29.Nxf5
Kh8 30.d6 Ne6 31.Qc4 Qe8 32.Ra3 Bf8 33.Rg3 Qf7 34.Rf1 Rbd8 35.Ne7 Bh6 36.Qe4
Bf4 37.Rc3 Ng5 38.Qf5 Bd2 39.Nc6 Bxc3 40.Nxd8 Rxd8 41.Bxc3 Rxd6 42.h4 {#r} 1-0

[Event "It (open)"]
[Site "masterchessopen.com - Gausdal (Norway)"]
[Round "0"]
[White "Hamann Svend (DEN)"]
[Black "Helmers Knut J (NOR)"]
[Result "1-0"]
[WhiteElo "2298"]
[BlackElo "2425"]

1.d4 Nf6 2.c4 e6 3.Nc3 c5 4.d5 exd5 5.cxd5 d6 6.Nf3 g6 7.e4 Bg7 8.Be2 O-O
9.O-O a6 10.a4 Bg4 11.Bg5 Nbd7 12.a5 Qc7 13.Nd2 Bxe2 14.Qxe2 Rae8 15.f3 h6
16.Be3 Kh7 17.f4 Re7 18.e5 dxe5 19.f5 e4 20.Nc4 Qd8 21.Bf4 Nh5 22.Bd6 Bd4+
23.Kh1 Rfe8 24.Bxe7 Qxe7 25.d6 Qh4 26.fxg6+ Kxg6 27.Qe1 Qxe1 28.Raxe1 Ndf6
29.g4 Nxg4 30.Rxe4 Rxe4 31.Nxe4 Nhf6 32.Nxf6 Nxf6 33.Re1 {#r} 1-0

[Event "It (young masters)"]
[Site "masterchessopen.com - Gausdal (Norway)"]
[Round "4"]
[White "Andruet Gilles (FRA)"]
[Black "De Firmian Nick E (USA)"]
[Result "1/2-1/2"]
[WhiteElo "2370"]
[BlackElo "2475"]

1.d4 Nf6 2.c4 e6 3.Nf3 c5 4.d5 exd5 5.cxd5 d6 6.Nc3 g6 7.e4 Bg7 8.Be2 a6 9.a4
Bg4 10.O-O O-O 11.Bg5 h6 12.Bh4 Bxf3 13.Bxf3 Re8 14.Qc2 Nbd7 15.Be2 Rc8 16.a5
c4 17.f3 Qc7 18.Rfc1 Nh5 19.Nd1 Nf4 20.Bg3 Nxe2+ 21.Qxe2 Ne5 22.Ne3 b5 23.axb6
Qxb6 24.Kh1 Nd3 25.Rxc4 Nxb2 26.Rc6 Rxc6 27.dxc6 a5 28.Nd5 Qxc6 29.Rxa5 Nd3
30.Qd1 Be5 31.Ra2 Nb2 32.Qf1 Bg7 33.Ra6 Qb7 34.Rb6 {#d} 1/2-1/2

[Event "Ch DDR"]
[Site "masterchessopen.com - Salzwedel (Germany)"]
[Round "11"]
[White "Steudtmann Christian (GER)"]
[Black "Boensch Uwe (GER)"]
[Result "0-1"]
[WhiteElo "2268"]
[BlackElo "2450"]

1.d4 Nf6 2.c4 c5 3.d5 e6 4.Nc3 exd5 5.cxd5 d6 6.e4 g6 7.Be2 Bg7 8.Nf3 O-O
9.O-O a6 10.a4 Bg4 11.h3 Bxf3 12.Bxf3 Nbd7 13.Be2 Re8 14.Bd3 Rc8 15.a5 c4
16.Bc2 Nc5 17.f3 Nfd7 18.Be3 Ne5 19.Na4 Ned3 20.Nxc5 Nxb2 21.Qd2 dxc5 22.Rab1
c3 23.Qf2 Qxa5 24.f4 Bd4 25.Bxd4 cxd4 26.f5 Qc7 27.fxg6 fxg6 28.Qxd4 Qc5
29.Qxc5 Rxc5 30.Rf6 a5 31.Kh2 b5 32.d6 a4 33.Rbf1 Rd8 34.Re6 Nc4 35.Rd1 Ne3
36.Rc1 Kf7 37.Re7+ Kf6 38.Re1 Rxd6 39.e5+ Rxe5 40.Rxe5 Nxc2 41.R1e4 Nd4 {#R}
0-1

[Event "Ch Yugoslavia"]
[Site "masterchessopen.com - Vrbas (Yugoslavia)"]
[Round "11"]
[White "Rajkovic Dusan (SRB)"]
[Black "Cvitan Ognjen (CRO)"]
[Result "1/2-1/2"]
[WhiteElo "2460"]
[BlackElo "2430"]

1.d4 Nf6 2.c4 e6 3.Nf3 c5 4.d5 exd5 5.cxd5 d6 6.Nc3 g6 7.e4 Bg7 8.Be2 O-O
9.O-O a6 10.a4 Bg4 11.Bf4 Re8 12.Nd2 Bxe2 13.Qxe2 Nh5 14.Be3 Nd7 {#d} 1/2-1/2

[Event "It"]
[Site "masterchessopen.com - St.Maxime (France)"]
[Round "6"]
[White "Haik Aldo (FRA)"]
[Black "Giffard Nicolas (FRA)"]
[Result "0-1"]
[WhiteElo "2440"]
[BlackElo "2336"]

1.d4 Nf6 2.c4 e6 3.Nc3 c5 4.d5 exd5 5.cxd5 d6 6.e4 g6 7.Nf3 Bg7 8.Be2 O-O
9.O-O a6 10.a4 Bg4 11.Nd2 Bxe2 12.Qxe2 Nbd7 13.a5 Qe7 14.Ra3 Nh5 15.Nc4 Ne5
16.Nb6 Rae8 17.Nd1 f5 18.exf5 Rxf5 19.f4 Ref8 20.g3 g5 21.Ne3 Nxf4 22.gxf4
Rxf4 23.Rxf4 gxf4 24.Nf1 Qh4 25.Ra4 c4 26.Nxc4 f3 27.Qf2 Qg4+ 28.Qg3 f2+
29.Kg2 Qe4+ 30.Kh3 Nxc4 31.Rxc4 Qxc4 {#R} 0-1

[Event "Match 3 Teams (under 26)"]
[Site "masterchessopen.com - Houstka (Czech Republic)"]
[Date "1982.10.02"]
[Round "4"]
[White "Panczyk Krzysztof (POL)"]
[Black "Boensch Uwe (GER)"]
[Result "1-0"]
[WhiteElo "2352"]
[BlackElo "2450"]

1.d4 Nf6 2.c4 c5 3.d5 e6 4.Nc3 exd5 5.cxd5 d6 6.e4 g6 7.Nf3 Bg7 8.Be2 a6 9.a4
Bg4 10.O-O O-O 11.Bg5 Nbd7 12.Nd2 Bxe2 13.Qxe2 Re8 14.f4 Qc7 15.Rae1 c4 16.Kh1
Rac8 17.e5 dxe5 18.Bxf6 Bxf6 19.f5 Bg7 20.Nde4 Nc5 21.Qxc4 Nxe4 22.Qxe4 Qb6
23.Qf3 Red8 24.fxg6 fxg6 25.Ne4 Rf8 26.Qh3 Qb4 27.Qe6+ Kh8 28.Nd6 Rc7 29.Rxf8+
Bxf8 30.Qxe5+ Kg8 31.Qe6+ Kh8 32.Qf6+ Kg8 33.Qe6+ Kh8 34.Ne8 Re7 35.Qf6+ Kg8
36.Rf1 Re1 37.Qf7+ Kh8 38.Qf6+ Kg8 39.Qf7+ Kh8 40.d6 Rxf1+ 41.Qxf1 Kg8 42.Nf6+
Kg7 43.Ne8+ Kg8 44.Qd1 Qxb2 45.h3 Kf7 46.d7 Be7 47.Qd5+ Kf8 48.Kh2 Qb4 49.Qe5
Kf7 50.d8=Q Bxd8 51.Nd6+ Kf8 52.Qe8+ Kg7 53.Qf7+ {#r} 1-0

[Event "Ch Poland (team)"]
[Site "masterchessopen.com - Gdynia (Poland)"]
[Round "10"]
[White "Gralka Julian (POL)"]
[Black "Szymczak Zbigniew (POL)"]
[Result "0-1"]
[WhiteElo "2247"]
[BlackElo "2279"]

1.d4 Nf6 2.c4 e6 3.Nf3 c5 4.d5 exd5 5.cxd5 g6 6.Nc3 d6 7.e4 Bg7 8.Be2 O-O
9.O-O a6 10.a4 Bg4 11.Nd2 Bxe2 12.Qxe2 Nbd7 13.Nc4 Nb6 14.Ne3 Qe7 15.a5 Nbd7
16.Nc4 Ne5 17.Nb6 Rae8 18.Bg5 h6 19.Bd2 Ned7 20.Nxd7 Nxd7 21.Qc4 Ne5 22.Qe2 c4
23.Ra4 Qc7 24.Be3 Nd3 25.b3 cxb3 26.Qxd3 Qxc3 27.Qxc3 Bxc3 28.Bxh6 Rc8 29.Bxf8
Kxf8 30.Ra3 b2 31.Rb3 Be5 32.g3 Rc5 33.Rxb7 Rxa5 34.f4 Bd4+ 35.Kg2 Ra1 36.e5
a5 37.f5 Rxf1 38.Kxf1 gxf5 39.exd6 Ke8 40.Ke2 a4 41.Kd3 a3 42.Kxd4 a2 43.Rxb2
a1=Q 44.Kc3 Kd7 45.Kb3 Qd1+ 46.Kc3 Qc1+ 47.Rc2 Qe3+ 48.Kc4 Kxd6 49.Rb2 Qc1+
50.Kb3 Kxd5 51.Rc2 Qd1 52.Kc3 Qd4+ 53.Kb3 f4 54.gxf4 Qxf4 55.Ra2 Qc4+ 56.Kb2
Qb4+ 57.Kc1 Qe1+ 58.Kc2 f5 59.Kd3 Qe4+ 60.Kc3 Qc4+ 61.Kb2 f4 62.Ra5+ Ke4 {#R}
0-1

[Event "It (2)"]
[Site "masterchessopen.com - Copenhagen (Denmark)"]
[Round "9"]
[White "Hansen Curt (DEN)"]
[Black "Pedersen Erik (DEN)"]
[Result "1-0"]
[WhiteElo "2450"]
[BlackElo "2340"]

1.d4 Nf6 2.c4 e6 3.Nf3 c5 4.d5 exd5 5.cxd5 d6 6.Nc3 g6 7.e4 Bg7 8.Be2 O-O
9.O-O a6 10.a4 Bg4 11.Bf4 Re8 12.Nd2 Bxe2 13.Qxe2 Nh5 14.Be3 Nd7 15.g4 Nhf6
16.f3 Rb8 17.g5 Nh5 18.f4 h6 19.gxh6 Bxh6 20.Rf3 b5 21.axb5 axb5 22.Kh1 b4
23.Nd1 Ra8 24.Rb1 Qh4 25.Qf1 Ndf6 26.Nf2 Bxf4 27.Rh3 Qg5 28.Rxh5 Nxh5 29.Nh3
Qh4 30.Bxf4 Nxf4 31.Nxf4 Kg7 32.Ng2 Qh3 33.Qf4 Qd3 34.Rf1 Ra7 35.Ne3 Rh8
36.Nec4 Rd7 37.Nxd6 Rxd6 38.Qxf7+ Kh6 39.Qf4+ Kh7 40.Rf3 Qe2 {#r} 1-0

[Event "Ch Manhattan Chess Club"]
[Site "masterchessopen.com - New York (USA)"]
[Round "0"]
[White "Ghica Renato (USA)"]
[Black "Vialet Theodore (USA)"]
[Result "1-0"]
[WhiteElo "2215"]
[BlackElo "2066"]

1.d4 Nf6 2.c4 c5 3.d5 e6 4.Nc3 exd5 5.cxd5 d6 6.e4 g6 7.Nf3 Bg7 8.Be2 O-O
9.O-O a6 10.a4 Bg4 11.Nd2 Bxe2 12.Qxe2 Nbd7 13.a5 Re8 14.Nc4 Ne5 15.Nb6 Rb8
16.Bg5 Qc7 17.f4 Ned7 18.Bxf6 Bxf6 19.Nxd7 Qxd7 20.Qf3 Bd4+ 21.Kh1 b5 22.Rae1
b4 23.Nd1 Rb5 24.Ne3 Bxb2 25.Nc4 Bc3 26.Re2 Bd4 27.e5 dxe5 28.fxe5 {#r} 1-0

[Event "It"]
[Site "masterchessopen.com - New York (USA)"]
[Round "3"]
[White "Fedorowicz John P (USA)"]
[Black "Gurevich Dmitry (USA)"]
[Result "1-0"]
[WhiteElo "2430"]
[BlackElo "2510"]

1.d4 Nf6 2.c4 e6 3.Nf3 c5 4.d5 exd5 5.cxd5 d6 6.Nc3 g6 7.e4 Bg7 8.Be2 O-O
9.O-O a6 10.a4 Bg4 11.Bf4 Bxf3 12.Bxf3 Qe7 13.Qd2 Nbd7 14.Rfe1 c4 15.Qe2 Rac8
16.Qe3 Ne5 17.Be2 Rfe8 18.h3 Nfd7 19.Bg5 Qf8 20.f4 Nd3 21.Bxd3 cxd3 22.Qxd3
Nc5 23.Qf3 Bd4+ 24.Kh1 Qg7 25.Rad1 Nd7 26.e5 dxe5 27.d6 f6 28.Bh4 g5 29.fxg5
fxg5 30.Bg3 Rf8 31.Qxb7 Bxc3 32.bxc3 Rxc3 33.Bxe5 Nxe5 34.Qxg7+ Kxg7 35.Rxe5
Kf6 36.Re7 Rd8 37.Rxh7 g4 38.hxg4 Rg3 39.Rh6+ Kg7 40.Re6 Rxg4 41.d7 Rxa4
42.Re7+ Kf8 43.Rde1 Rh4+ 44.Kg1 Rh8 45.g4 Rg8 46.Kf2 Rh8 47.g5 Rg8 48.g6 {#r}
1-0

[Event "It"]
[Site "masterchessopen.com - New York (USA)"]
[Round "6"]
[White "Fedorowicz John P (USA)"]
[Black "Kudrin Sergey (USA)"]
[Result "1/2-1/2"]
[WhiteElo "2430"]
[BlackElo "2510"]

1.d4 Nf6 2.c4 e6 3.Nf3 c5 4.d5 exd5 5.cxd5 d6 6.Nc3 g6 7.e4 Bg7 8.Be2 O-O
9.O-O a6 10.a4 Bg4 11.Bf4 Bxf3 12.Bxf3 Qe7 13.Re1 Nbd7 14.a5 Rab8 15.Qc2 Ne8
16.Be2 Nc7 17.Rab1 b5 18.axb6 Rxb6 19.Bf1 Rfb8 20.Bd2 R6b7 21.Kh1 Bd4 22.f3
Qf6 23.f4 Nb5 24.Bxb5 axb5 25.Ne2 b4 26.Nxd4 Qxd4 27.Rbd1 Re8 28.Bc1 Qf6
29.Qa4 Rd8 30.Qc2 Qh4 31.h3 Nf6 32.e5 Re7 33.Be3 Ng4 34.Bg1 Red7 35.e6 Re7
36.f5 Nh6 37.exf7+ Kxf7 38.fxg6+ hxg6 {#d} 1/2-1/2